| 000 | 01118nam a22002537a 4500 | ||
|---|---|---|---|
| 001 | BD-DhSAU 7469 | ||
| 003 | BD-DhSAU | ||
| 005 | 20230408122419.0 | ||
| 008 | 150422b2006 bg ||||| m||m 00| 0 eng d | ||
| 040 | _aBD-DhSAU | ||
| 082 |
_222 _a630.715 _bM65 |
||
| 100 |
_aMIM, MALIHA HAQUE _eRegistration No. # 19-10376 |
||
| 245 |
_aFarmers’ innovativeness to use modern agricultural machineries under panchbibi upazila, joypurhat / _bMS thesis |
||
| 260 |
_aSher-e- Bangla Agricultural University: _bDepartment of Agricultural Extension & Information System, _c2021. |
||
| 300 |
_aix, 66 p.: _b30 cm. |
||
| 500 | _aMS thesis of Department of Agricultural Extension and Information System, Faculty of Agriculture, Sher-e-Bangla Agricultural University, Dhaka, Bangladesh | ||
| 590 | _aNamul | ||
| 650 | _amodern agricultural machineries | ||
| 650 | _apanchbibi upazila, joypurhat | ||
| 700 |
_aProf. Md. Abul Bashar _eSuperviser |
||
| 700 |
_aProf. Md. Mahbubul Alam, PhD _eCo-Superviser |
||
| 856 | _uhttp://archive.saulibrary.edu.bd:8080/xmlui/handle/123456789/4858 | ||
| 942 |
_2ddc _cTHESIS |
||
| 999 |
_c16737 _d16736 |
||